El libro de la Muestra de Clara Anahí Mariani (Registro nro. 250)
[ vista simple ]
| 000 -CABECERA | |
|---|---|
| fixed length control field | 00803nam a22002297a 4500 |
| 003 - CONTROL NUMBER IDENTIFIER | |
| control field | AR-BeUNQ |
| 005 - FECHA Y HORA DE LA ULTIMA TRANSACCION | |
| control field | 20220606140435.0 |
| 008 - ELEMENTOS DE LONGITUD FIJA-INFORMACION GENERAL | |
| fixed length control field | 220606b |||||||| |||| 00| 0 spa d |
| 020 ## - NUMERO INTERNACIONAL NORMALIZADO PARA LIBROS | |
| Número Internacional Normalizado del libro | 9879782892104 |
| 040 ## - FUENTE DE CATALOGACION | |
| Agencia de catalogación original | AR-BeUNQ |
| Agencia que realiza la transcripción | AR-BeUNQ |
| Convenciones de la descripción | aacr |
| 082 ## - NUMERO DE CLASIFICACION DECIMAL DEWEYMBER | |
| Número de la edición | 21 |
| Número de clasificación | 323 /CHO |
| Número del ítem | 59469 |
| 100 01 - ASIENTO PRINCIPAL-NOMBRE PERSONAL | |
| Nombre personal | Chorobikde Mariani, Maria Isabel |
| Títulos u otras palabras asociadas al nombre | aut. |
| Fecha asociada al nombre | 1960 |
| 245 ## - MENCION DE TITULO | |
| Título | El libro de la Muestra de Clara Anahí Mariani |
| Mención de responsabilidad, etc | Maria Isabel Chorobik de Mariani |
| Medio físico | libro |
| 250 ## - MENCION DE EDICION | |
| Mención de edición | 1a.ed. |
| 260 ## - PUBLICACION, DISTRIBUCION, ETC. | |
| Lugar de publicación, distribución, etc. | Buenos Aires: |
| Nombre del editor, distribuidor, etc. | Instituto Espacio para la Memoria, |
| Fecha de publicación, distribución, etc | 2014 |
| 300 ## - DESCRIPCION FISICA | |
| Extensión | 96 p. ; |
| Otros detalles físicos | il. ; |
| Dimensiones | 20 cm |
| 600 ## - ASIENTO SECUNDARIO DE MATERIA - NOMBRE PERSONAL | |
| Nombre personal | Derechos Humanos |
| Títulos y otras palabras asociadas con el nombre | Delitos de Lesa Humanidad |
| Fechas asociadas con el nombre | 1976 |
| 648 ## - ASIENTO SECUNDARIO DE MATERIA - TERMINO CRONOLOGICO | |
| Fuente del encabezamiento o término | Historia Argentina |
| Término cronológico | [1976-1982] |
| 651 ## - ASIENTO SECUNDARIO DE MATERIA - NOMBRE GEOGRAFICO | |
| Nombre geográfico | Argentina |
| Fuente del encabezamiento o término | unescot |
| 929 ## - DATOS DE ADQUISICION | |
| Procedencia | DONACION |
| Proveedor | Ministerio de Educación de la Nación |
| Número de inventario | 59469 |
| 942 ## - ELEMENTOS DE PUNTO DE ACCESO ADICIONAL (KOHA) | |
| Tipo de ítem Koha | Libros |
| Estado de retiro | Estado de pérdida | Ubicación permanente | Ubicación actual | Ubicación en estantería | Fecha de ingreso | Total Checkouts | Signatura topográfica completa | Inventario | Date last seen | Tipo de ítem Koha |
|---|---|---|---|---|---|---|---|---|---|---|
| Biblioteca ESET - UNQ | Biblioteca ESET - UNQ | CIRCULACION | 06/06/2022 | 323 / CHO | 59469 | 06/06/2022 | Libros |